日本の時価総額TOP100 - Statistics

General Stats
  • This quiz has been taken 30 times
  • The average score is 35 of 100
Answer Stats
企業 時価総額(兆円) % Correct
1 トヨタ 51.4
100%
45 ホンダ 5.8
91%
23 任天堂 11.2
83%
3 三菱商 22.1
78%
11 三菱重 16.2
78%
25 SB 10.5
78%
4 日立 21.8
74%
12 伊藤忠 16.2
74%
34 住友商 7.3
74%
66 JR東海 4.1
70%
67 JR東日本 4.1
70%
7 ファストリ 20.5
65%
16 NTT 14.3
65%
55 イオン 5.4
61%
75 スズキ 3.6
61%
22 KDDI 11.5
61%
2 三菱UFJ 32.8
61%
9 三井物 18.3
52%
17 キーエンス 14.0
52%
18 東京海上 14.0
52%
24 三菱電 11.2
52%
47 セブン&アイ 5.6
52%
49 デンソー 5.6
52%
51 日本郵 5.4
52%
53 菱地所 5.4
52%
84 日本製鉄 3.1
52%
27 丸紅 9.9
48%
30 武田 9.2
48%
60 三井不 4.7
48%
38 豊田通商 6.5
43%
61 味の素 4.5
43%
8 ソニーG 20.4
43%
15 中外薬 14.7
39%
21 キオクシア 11.9
39%
71 野村 3.9
39%
73 京セラ 3.7
39%
94 川重 2.7
39%
6 三井住友FG 20.6
39%
10 東エレク 18.1
35%
37 豊田織 6.7
35%
54 ファナック 5.4
35%
57 オリックス 5.3
35%
59 アステラス 4.7
35%
63 住友不 4.3
35%
86 関西電 3.0
35%
92 東ガス 2.7
35%
97 ニデック 2.6
35%
36 パナHD 6.7
35%
50 NEC 5.5
35%
5 SBG 20.6
35%
19 信越化 12.8
30%
33 村田製 7.4
30%
41 コマツ 6.0
30%
42 キヤノン 6.0
30%
46 富士通 5.7
30%
79 ハウス 3.3
30%
95 大林組 2.6
30%
13 みずほFG 16.1
30%
32 住友電 7.5
26%
44 ダイキン 5.8
26%
52 第一三共 5.4
26%
72 富士フイルム 3.9
26%
98 野村総研 2.6
26%
99 大ガス 2.6
26%
58 OLC 4.9
26%
81 鹿島 3.2
22%
87 クボタ 2.9
22%
89 花王 2.8
22%
90 住友鉱 2.7
22%
96 大成建 2.6
22%
68 ENEOS 4.0
22%
14 アドテスト 15.8
17%
26 リクルート 10.2
17%
28 ゆうちょ銀 9.4
17%
35 ディスコ 7.1
17%
80 テルモ 3.2
17%
74 IHI 3.7
17%
43 INPEX 5.9
17%
20 JT 12.2
17%
69 SMC 4.0
17%
48 SOMPO 5.6
17%
31 フジクラ 8.2
13%
76 三井住友トラ 3.6
13%
40 大塚HD 6.1
13%
65 りそなHD 4.2
13%
29 HOYA 9.3
13%
39 MS&AD 6.2
13%
70 TDK 3.9
13%
56 第一ライフ 5.3
9%
62 ブリヂストン 4.5
9%
64 ルネサス 4.2
9%
78 レーザーテク 3.4
9%
82 塩野義 3.2
9%
83 アシックス 3.2
9%
93 ラインヤフー 2.7
9%
100 バンナムHD 2.6
9%
88 セコム 2.9
4%
91 コナミG 2.7
4%
85 パンパシHD 3.0
4%
77 JX金属 3.4
0%
No matching quizzes found
Score Distribution
Percent of People with Each Score
Percentile by Number Answered
Your Score History
You have not taken this quiz